000 01372nam a2200349 a 4500
001 ebr2002955
003 CaPaEBR
006 m u
007 cr cn|||||||||
008 010806s2000 enkb sb 001 0 eng
010 _z 99042137
015 _aGBA1-44814
016 7 _a0333721098
_2Uk
020 _z0333721098
040 _aCaPaEBR
_cCaPaEBR
035 _a(OCoLC)559545148
050 1 4 _aDS430
_b.S543 2000eb
082 0 4 _a305.800954552
_221
100 1 _aSingh, Gurharpal.
245 1 0 _aEthnic conflict in India
_h[electronic resource] :
_ba case-study of Punjab /
_cGurharpal Singh.
260 _aBasingstoke :
_bMacmillan Press,
_c2000.
300 _axv, 231 p. :
_bmaps.
504 _aIncludes bibliographical references and index.
533 _aElectronic reproduction.
_bPalo Alto, Calif. :
_cebrary,
_d2013.
_nAvailable via World Wide Web.
_nAccess may be limited to ebrary affiliated libraries.
650 0 _aCommunalism
_zIndia
_zPunjab
_vCase studies.
650 0 _aNationalism
_zIndia
_zPunjab
_vCase studies.
651 0 _aIndia
_xEthnic relations
_vCase studies.
651 0 _aPunjab (India)
_xPolitics and government
_vCase studies.
655 7 _aElectronic books.
_2local
710 2 _aebrary, Inc.
856 4 0 _uhttp://site.ebrary.com/lib/rucke/Doc?id=2002955
_zAn electronic book accessible through the World Wide Web; click to view
999 _c123484
_d123484